000 00981nas a2200313 4500
001 BR2011007752
003 BR-BrBNA
005 20231205115822.0
007 ta
008 230509b bl.|||p| |||| 00| 00por d
040 _aBR-BrBNA
_bpor
_cBiblioteca Nacional de Agricultura
041 _a(Pt)
072 _aF62
100 1 _aMendes, A.M. da S.
100 1 _aFigueiredo, A.F. de
100 1 _aSilva, J.F. da
245 1 _aCrescimento e maturação dos frutos e sementes de urucum
246 1 _aGrowth and maturation of urucum fruits seeds
650 _aURUCU
650 _aBIXA ORELLANA
650 _aCRESCIMENTO
650 _aMATURAÇÃO
650 _aSEMENTE
650 _aFRUTO
773 0 _tRevista Brasileira de Sementes (Brazil)
_xISSN 0101-3122
_g(Apr 2006), v. 28(1) p. 133-141
_wBR2011007752
856 4 _uhttp://www.scielo.br/pdf/rbs/v28n1/a19v28n1.pdf
_yRecurso eletrônico (PDF)
909 _a202311
_bLúcia
_c55
_dLúcia Elande
942 _2AGRIS
_n0
_cANA
999 _c215859
_d215859